000 00520nam a2200181Ia 4500
001 20105
005 20260306172741.0
008 260306t2023||||xx |||||||||||||| ||spa||
041 _aESP
082 _a342.211
_bR69
100 _aRoa Roa, Jorge Ernesto,
_eAUT
245 0 _aMecanismos procesales en el sistema interamericano de derechos humanos :
_bpeticiones y trámite en sede supranacional
260 _c2023
300 _a414 páginas :
_c25 cm.
650 _aGEN
654 _aCDE
942 _cLIB
_dJUS
_fJUS
_2ddc
_n
999 _c20105
_d20105